[Event "BI-2015-P-0000"]
[Site "LSS email"]
[Date "2015.04.16"]
[Round "?"]
[White "Castignani, Fausto"]
[Black "Peroutik, Jiri"]
[Result "1-0"]
[WhiteElo "1818"]
[BlackElo "1022"]
[PlyCount "33"]
[EventDate "2015.04.22"]
[EventType "tourn (corr)"]
[EventRounds "10"]
[EventCountry "GER"]
[SourceTitle "Corr 2022"]
[Source "ChessBase"]
[SourceDate "2021.10.24"]
[SourceVersion "1"]
[SourceVersionDate "2021.10.24"]
[SourceQuality "1"]

1. e4 e6 2. d4 d5 3. Nc3 Nf6 4. Bg5 Be7 5. e5 Nfd7 6. Bxe7 Qxe7 7. Qd2 c5 8. Nb5 Nb6 9. Nd6+ Kd8 10. dxc5 N6d7 11. f4 Nxc5 12. c4 Nbd7 13. cxd5 exd5 14. Qxd5 Rf8 15. Bb5 a6 16. Bxd7 Nxd7 17. Rc1 1-0

[Event "BI-2015-P-0000"]
[Site "LSS email"]
[Date "2015.04.16"]
[Round "?"]
[White "Peroutik, Jiri"]
[Black "Yarmolyuk, Yury"]
[Result "0-1"]
[WhiteElo "1022"]
[BlackElo "2285"]
[PlyCount "38"]
[EventDate "2015.04.22"]
[EventType "tourn (corr)"]
[EventRounds "10"]
[EventCountry "GER"]
[SourceTitle "Corr 2022"]
[Source "ChessBase"]
[SourceDate "2021.10.24"]
[SourceVersion "1"]
[SourceVersionDate "2021.10.24"]
[SourceQuality "1"]

1. e4 e5 2. Nf3 Nf6 3. d4 Nxe4 4. Nxe5 d5 5. Bd3 Nd7 6. 0-0 Nxe5 7. dxe5 Nc5 8. Re1 Be7 9. Nc3 c6 10. Qf3 0-0 11. Bd2 f6 12. Qh5 Nxd3 13. cxd3 fxe5 14. Rxe5 Bd6 15. Re2 Bf5 16. d4 Qf6 17. Be3 Bd3 18. Rd2 Bg6 19. Qg4 Rae8 0-1

[Event "LSS No Engine Cup 120 Preliminary 0"]
[Site "LSS email"]
[Date "2014.11.01"]
[Round "?"]
[White "Peroutik, Jiri"]
[Black "Wilshusen, Horst"]
[Result "0-1"]
[WhiteElo "1303"]
[BlackElo "1738"]
[PlyCount "52"]
[EventDate "2014.11.02"]
[EventType "tourn (corr)"]
[EventRounds "6"]
[EventCountry "GER"]
[SourceTitle "Corr 2022"]
[Source "ChessBase"]
[SourceDate "2021.10.24"]
[SourceVersion "1"]
[SourceVersionDate "2021.10.24"]
[SourceQuality "1"]

1. e4 e5 2. Nf3 Nc6 3. Bb5 a6 4. Ba4 Nf6 5. 0-0 Be7 6. Re1 b5 7. Bb3 d6 8. c3 0-0 9. d4 Bg4 10. d5 Na5 11. Bc2 Qc8 12. Bg5 c6 13. Bxf6 Bxf6 14. dxc6 Qxc6 15. h3 Be6 16. Nbd2 Rfe8 17. a4 h6 18. axb5 axb5 19. b4 Nc4 20. Rxa8 Rxa8 21. Nxc4 Bxc4 22. Nd2 Be6 23. Re3 Be7 24. g4 g6 25. f3 Qb6 26. Qe2 Bg5 0-1

[Event "OP-2014-0-03542"]
[Site "LSS email"]
[Date "2014.10.30"]
[Round "?"]
[White "Peroutik, Jiri"]
[Black "Baumann, Arend"]
[Result "0-1"]
[WhiteElo "1064"]
[BlackElo "1328"]
[PlyCount "52"]
[EventDate "2014.10.25"]
[EventType "tourn (corr)"]
[EventRounds "4"]
[EventCountry "GER"]
[SourceTitle "Corr 2022"]
[Source "ChessBase"]
[SourceDate "2021.10.24"]
[SourceVersion "1"]
[SourceVersionDate "2021.10.24"]
[SourceQuality "1"]

1. e4 e6 2. d4 d5 3. Nc3 Bb4 4. e5 c5 5. a3 Bxc3+ 6. bxc3 Qc7 7. Nf3 cxd4 8. cxd4 Ne7 9. Bb5+ Bd7 10. Bxd7+ Nxd7 11. 0-0 Rc8 12. Ra2 0-0 13. Qd3 Qc4 14. Qxc4 Rxc4 15. Bg5 Nf5 16. Rd1 Rfc8 17. Rd2 h6 18. Bh4 Nb6 19. g4 Nxh4 20. Nxh4 Na4 21. f4 Nc3 22. Rb2 b5 23. Ng2 Ra4 24. Rb3 a6 25. Kf1 Ne4 26. Re2 Rxd4 0-1

[Event "SE-2014-0-00176"]
[Site "LSS email"]
[Date "2014.08.31"]
[Round "?"]
[White "Peroutik, Jiri"]
[Black "Obrien, Glenn"]
[Result "0-1"]
[WhiteElo "1093"]
[BlackElo "1367"]
[PlyCount "58"]
[EventDate "2014.08.01"]
[EventType "tourn (corr)"]
[EventRounds "6"]
[EventCountry "GER"]
[SourceTitle "Corr 2022"]
[Source "ChessBase"]
[SourceDate "2021.10.24"]
[SourceVersion "1"]
[SourceVersionDate "2021.10.24"]
[SourceQuality "1"]

1. e4 e5 2. Nf3 Nc6 3. Bb5 a6 4. Ba4 Nf6 5. Nc3 b5 6. Bb3 Be7 7. 0-0 d6 8. d3 0-0 9. h3 Na5 10. Ne2 Nxb3 11. axb3 c5 12. c4 b4 13. Bg5 a5 14. Ng3 Bd7 15. Nf5 Bxf5 16. exf5 Qd7 17. g4 h5 18. Nd2 hxg4 19. hxg4 Nh7 20. Bxe7 Qxe7 21. f3 g6 22. fxg6 fxg6 23. Qe2 Ng5 24. Kg2 Ne6 25. Kg3 Ra7 26. Rh1 Qg5 27. Ne4 Qf4+ 28. Kg2 Nd4 29. Qd1 Nxf3 0-1

[Event "LSS No Engine Cup 113 Preliminary 3"]
[Site "LSS email"]
[Date "2014.07.06"]
[Round "?"]
[White "Carretero, Juan"]
[Black "Peroutik, Jiri"]
[Result "0-1"]
[WhiteElo "1337"]
[BlackElo "937"]
[PlyCount "28"]
[EventDate "2014.07.07"]
[EventType "tourn (corr)"]
[EventRounds "6"]
[EventCountry "GER"]
[SourceTitle "Corr 2015"]
[Source "ChessBase"]
[SourceDate "2015.07.17"]
[SourceVersion "1"]
[SourceVersionDate "2015.07.17"]
[SourceQuality "1"]

1. d4 e6 2. Nf3 d5 3. Bf4 c5 4. c3 Nc6 5. Nbd2 Nf6 6. Qc2 Be7 7. Rd1 0-0 8. dxc5 Bxc5 9. e3 h6 10. h3 Bd6 11. Bxd6 Qxd6 12. Bb5 a6 13. Bxc6 bxc6 14. Nc4 Qc7 0-1

[Event "LSS No Engine Cup 113 Preliminary 3"]
[Site "LSS email"]
[Date "2014.07.06"]
[Round "?"]
[White "Pons, Francisco"]
[Black "Peroutik, Jiri"]
[Result "1-0"]
[WhiteElo "889"]
[BlackElo "937"]
[PlyCount "93"]
[EventDate "2014.07.07"]
[EventType "tourn (corr)"]
[EventRounds "6"]
[EventCountry "GER"]
[SourceTitle "Corr 2015"]
[Source "ChessBase"]
[SourceDate "2015.07.17"]
[SourceVersion "1"]
[SourceVersionDate "2015.07.17"]
[SourceQuality "1"]

1. e4 e6 2. d4 d5 3. exd5 exd5 4. c4 Nf6 5. Nc3 Bb4 6. c5 0-0 7. Bd3 Nc6 8. Nge2 Bxc3+ 9. bxc3 Re8 10. 0-0 Bg4 11. f3 Bh5 12. Nf4 Ne7 13. Nxh5 Nxh5 14. Bg5 f6 15. Bd2 g6 16. Qb3 b6 17. cxb6 axb6 18. Bb5 c6 19. Bd3 b5 20. Bh6 Kh8 21. Qc2 Rg8 22. Rae1 Qd7 23. Re2 Rae8 24. Rfe1 Ng7 25. Bxg6 Nxg6 26. Bxg7+ Kxg7 27. Rxe8 Rxe8 28. Rxe8 Qxe8 29. Kf2 Qe7 30. Qf5 Qd6 31. g3 Ne7 32. Qd3 Qa3 33. Qd2 Qa7 34. g4 Ng6 35. Kg3 Qc7+ 36. f4 c5 37. dxc5 Qxc5 38. Qd4 Qxd4 39. cxd4 Ne7 40. Kf3 Nc6 41. Ke3 h6 42. h4 Nb4 43. a3 Nc2+ 44. Kd3 Nxa3 45. Kc3 Kf7 46. Kb4 Nc2+ 47. Kxb5 1-0

[Event "IECC CL0-2014.00 email"]
[Site "IECC email"]
[Date "2014.07.02"]
[Round "?"]
[White "Peroutik, Jiri"]
[Black "Verich, Oleg"]
[Result "0-1"]
[WhiteElo "1093"]
[BlackElo "1149"]
[PlyCount "74"]
[EventDate "2014.06.11"]
[EventType "tourn (corr)"]
[EventRounds "4"]
[SourceTitle "Corr 2022"]
[Source "ChessBase"]
[SourceDate "2021.10.24"]
[SourceVersion "1"]
[SourceVersionDate "2021.10.24"]
[SourceQuality "1"]

1. e4 Nf6 2. e5 Nd5 3. d4 d6 4. Nf3 Bg4 5. c4 Nb6 6. b3 dxe5 7. c5 N6d7 8. dxe5 Nxc5 9. Qxd8+ Kxd8 10. Be2 Nc6 11. Be3 e6 12. Ng5 Bxe2 13. Kxe2 Ke8 14. Nc3 a6 15. Rhd1 Be7 16. Nf3 Nd7 17. Rd2 Ndxe5 18. Nxe5 Nxe5 19. h3 Rd8 20. Rad1 Rxd2+ 21. Rxd2 Bd6 22. g3 Ke7 23. f4 Nc6 24. Ne4 Rd8 25. Kf3 Bb4 26. Rxd8 Nxd8 27. Bc5+ Bxc5 28. Nxc5 f5 29. Ke3 Kd6 30. Kd4 a5 31. a4 b6 32. Nd3 Nc6+ 33. Kc4 e5 34. fxe5+ Nxe5+ 35. Nxe5 Kxe5 36. Kb5 Kd5 37. h4 g6 0-1

[Event "SF-2014-0-00238"]
[Site "LSS email"]
[Date "2014.06.26"]
[Round "?"]
[White "Peroutik, Jiri"]
[Black "Lonyuk, Bohdan"]
[Result "0-1"]
[WhiteElo "937"]
[BlackElo "1154"]
[PlyCount "38"]
[EventDate "2014.06.06"]
[EventType "tourn (corr)"]
[EventRounds "6"]
[EventCountry "GER"]
[SourceTitle "Corr 2015"]
[Source "ChessBase"]
[SourceDate "2015.07.17"]
[SourceVersion "1"]
[SourceVersionDate "2015.07.17"]
[SourceQuality "1"]

1. e4 e6 2. d4 d5 3. Nc3 Be7 4. e5 b6 5. f4 h5 6. Nf3 Nh6 7. Bd3 Ba6 8. Bxa6 Nxa6 9. a3 Nf5 10. Qe2 Nb8 11. b4 c5 12. bxc5 bxc5 13. dxc5 Bxc5 14. g3 0-0 15. Bd2 Nc6 16. Qb5 Ncd4 17. Nxd4 Bxd4 18. Rd1 Qc7 19. Qd3 Rfc8 0-1

[Event "LSS No Engine Cup 64 Preliminary 7"]
[Site "LSS email"]
[Date "2012.04.21"]
[Round "?"]
[White "Peroutik, Jiri"]
[Black "Zuttion, Stella Maris"]
[Result "0-1"]
[WhiteElo "1035"]
[BlackElo "1445"]
[PlyCount "30"]
[EventDate "2012.04.22"]
[EventType "tourn (corr)"]
[EventRounds "6"]
[EventCountry "GER"]
[SourceTitle "Corr 2015"]
[Source "ChessBase"]
[SourceDate "2015.07.17"]
[SourceVersion "1"]
[SourceVersionDate "2015.07.17"]
[SourceQuality "1"]

1. e4 Nf6 2. e5 Nd5 3. d4 d6 4. f4 Bf5 5. Nf3 e6 6. Bd3 Bg4 7. 0-0 Nc6 8. c3 Be7 9. Qc2 h6 10. h3 Bxf3 11. Rxf3 Qd7 12. f5 dxe5 13. fxe6 Qxe6 14. dxe5 Nxe5 15. Rf1 Nxd3 0-1

[Event "LSS No Engine Cup 64 Preliminary 7"]
[Site "LSS email"]
[Date "2012.04.21"]
[Round "?"]
[White "Ruzicka, Richard"]
[Black "Peroutik, Jiri"]
[Result "1-0"]
[WhiteElo "1571"]
[BlackElo "1035"]
[PlyCount "29"]
[EventDate "2012.04.22"]
[EventType "tourn (corr)"]
[EventRounds "6"]
[EventCountry "GER"]
[SourceTitle "Corr 2015"]
[Source "ChessBase"]
[SourceDate "2015.07.17"]
[SourceVersion "1"]
[SourceVersionDate "2015.07.17"]
[SourceQuality "1"]

1. e4 e6 2. d4 d5 3. Nc3 Nf6 4. e5 Nfd7 5. f4 c5 6. Nf3 Nc6 7. Be3 cxd4 8. Nxd4 Bc5 9. Qd2 0-0 10. 0-0-0 a6 11. g4 Bxd4 12. Bxd4 Nxd4 13. Qxd4 Qb6 14. Qd2 Nc5 15. h4 1-0

[Event "BI-2012-P-00029"]
[Site "LSS email"]
[Date "2012.04.20"]
[Round "?"]
[White "Peroutik, Jiri"]
[Black "Bouzas, Juan"]
[Result "0-1"]
[WhiteElo "1035"]
[BlackElo "1499"]
[PlyCount "36"]
[EventDate "2012.04.22"]
[EventType "tourn (corr)"]
[EventRounds "10"]
[EventCountry "GER"]
[SourceTitle "Corr 2015"]
[Source "ChessBase"]
[SourceDate "2015.07.17"]
[SourceVersion "1"]
[SourceVersionDate "2015.07.17"]
[SourceQuality "1"]

1. d4 f5 2. Nc3 d5 3. f4 Nf6 4. Nf3 e6 5. e3 Be7 6. Ng5 0-0 7. Bd3 Ng4 8. Nf3 c5 9. b3 b6 10. 0-0 Nc6 11. Kh1 Bb7 12. Ne2 Rc8 13. h3 Nf6 14. Ng5 Qd7 15. Bb2 Ne4 16. Nxe4 fxe4 17. Bb5 a6 18. Bxc6 Qxc6 0-1

[Event "BI-2012-P-00029"]
[Site "LSS email"]
[Date "2012.04.20"]
[Round "?"]
[White "Peroutik, Jiri"]
[Black "De Ridder, Michael"]
[Result "0-1"]
[WhiteElo "1035"]
[BlackElo "1655"]
[PlyCount "30"]
[EventDate "2012.04.22"]
[EventType "tourn (corr)"]
[EventRounds "10"]
[EventCountry "GER"]
[SourceTitle "Corr 2015"]
[Source "ChessBase"]
[SourceDate "2015.07.17"]
[SourceVersion "1"]
[SourceVersionDate "2015.07.17"]
[SourceQuality "1"]

1. e4 c5 2. Nf3 d6 3. d4 cxd4 4. Nxd4 Nf6 5. Nc3 a6 6. Bg5 e6 7. f4 h6 8. Bh4 Qb6 9. Qd2 Qxb2 10. Rb1 Qa3 11. Bxf6 gxf6 12. Be2 h5 13. 0-0 Nd7 14. Kh1 Be7 15. Rb3 Qa5 0-1

[Event "BI-2012-P-00029"]
[Site "LSS email"]
[Date "2012.04.20"]
[Round "?"]
[White "Peroutik, Jiri"]
[Black "Tylecek, Drahomir"]
[Result "0-1"]
[WhiteElo "1035"]
[BlackElo "1982"]
[PlyCount "20"]
[EventDate "2012.04.22"]
[EventType "tourn (corr)"]
[EventRounds "10"]
[EventCountry "GER"]
[SourceTitle "Corr 2015"]
[Source "ChessBase"]
[SourceDate "2015.07.17"]
[SourceVersion "1"]
[SourceVersionDate "2015.07.17"]
[SourceQuality "1"]

1. d4 Nf6 2. Nc3 d5 3. Bg5 Nbd7 4. Nf3 h6 5. Bh4 e6 6. e4 g5 7. Bg3 Nxe4 8. Nxe4 dxe4 9. Nd2 Bg7 10. h4 Bxd4 0-1

[Event "BI-2011-F-00019"]
[Site "LSS email"]
[Date "2012.02.12"]
[Round "?"]
[White "Helmbrecht, John R"]
[Black "Peroutik, Jiri"]
[Result "1-0"]
[WhiteElo "1496"]
[BlackElo "1035"]
[PlyCount "47"]
[EventDate "2012.02.15"]
[EventType "tourn (corr)"]
[EventRounds "10"]
[EventCountry "GER"]
[SourceTitle "Telechess CBM 165"]
[Source "ChessBase"]
[SourceDate "2015.03.11"]
[SourceVersion "1"]
[SourceVersionDate "2015.03.11"]
[SourceQuality "1"]

1. d4 Nf6 2. c4 g6 3. Nc3 Bg7 4. e4 d6 5. Nf3 0-0 6. Be2 e5 7. 0-0 Nc6 8. d5 Ne7 9. Ne1 Nd7 10. Be3 f5 11. f3 f4 12. Bf2 g5 13. Rc1 Ng6 14. b4 b6 15. Nd3 a6 16. c5 bxc5 17. bxc5 h6 18. cxd6 cxd6 19. Nb4 Bb7 20. Qa4 a5 21. Nc6 Bxc6 22. dxc6 Nb6 23. Qb3+ Kh7 24. Qxb6 1-0

[Event "BI-2011-F-00019"]
[Site "LSS email"]
[Date "2012.02.12"]
[Round "?"]
[White "Peroutik, Jiri"]
[Black "Ausan, Leo Tito Jr"]
[Result "1-0"]
[WhiteElo "1035"]
[BlackElo "1151"]
[PlyCount "53"]
[EventDate "2012.02.15"]
[EventType "tourn (corr)"]
[EventRounds "10"]
[EventCountry "GER"]
[SourceTitle "Telechess CBM 165"]
[Source "ChessBase"]
[SourceDate "2015.03.11"]
[SourceVersion "1"]
[SourceVersionDate "2015.03.11"]
[SourceQuality "1"]

1. e4 d5 2. exd5 Qxd5 3. Nc3 Qd8 4. d4 c6 5. Bc4 Nf6 6. Nf3 Bf5 7. Ne5 e6 8. g4 Be4 9. Nxe4 Nxe4 10. Qf3 Nd6 11. Bd3 Nd7 12. Bd2 Be7 13. 0-0-0 0-0 14. h4 Nxe5 15. dxe5 Nb5 16. Qe4 g6 17. h5 Qd5 18. Qxd5 exd5 19. hxg6 fxg6 20. f4 Nd4 21. c3 Ne6 22. f5 Nc5 23. Bc2 gxf5 24. gxf5 Ne4 25. Rdg1+ Kh8 26. f6 Bc5 27. Rg7 1-0

[Event "BI-2011-F-00019"]
[Site "LSS email"]
[Date "2012.02.12"]
[Round "?"]
[White "Peroutik, Jiri"]
[Black "Corbacho, Jose Luis"]
[Result "0-1"]
[WhiteElo "1035"]
[BlackElo "1583"]
[PlyCount "42"]
[EventDate "2012.02.15"]
[EventType "tourn (corr)"]
[EventRounds "10"]
[EventCountry "GER"]
[SourceTitle "Telechess CBM 165"]
[Source "ChessBase"]
[SourceDate "2015.03.11"]
[SourceVersion "1"]
[SourceVersionDate "2015.03.11"]
[SourceQuality "1"]

1. e4 e5 2. Nf3 d6 3. d4 f5 4. Nc3 fxe4 5. Nxe4 d5 6. Ng3 exd4 7. Nxd4 Nf6 8. Ngf5 c5 9. Qe2+ Kf7 10. Bg5 cxd4 11. Nxd4 Bb4+ 12. c3 Re8 13. Be3 Bd6 14. 0-0-0 Nc6 15. h3 Qa5 16. Kb1 Nxd4 17. cxd4 Bf5+ 18. Ka1 Qa4 19. g4 Bc2 20. Rc1 Bb3 21. a3 Rac8 0-1

[Event "BI-2011-F-00019"]
[Site "LSS email"]
[Date "2012.02.12"]
[Round "?"]
[White "Peroutik, Jiri"]
[Black "Parker, Steph"]
[Result "0-1"]
[WhiteElo "1035"]
[BlackElo "1514"]
[PlyCount "26"]
[EventDate "2012.02.15"]
[EventType "tourn (corr)"]
[EventRounds "10"]
[EventCountry "GER"]
[SourceTitle "Corr 2015"]
[Source "ChessBase"]
[SourceDate "2015.07.17"]
[SourceVersion "1"]
[SourceVersionDate "2015.07.17"]
[SourceQuality "1"]

1. e4 c5 2. f4 g6 3. d4 d5 4. e5 cxd4 5. Qxd4 Nc6 6. Bb5 e6 7. Nf3 Nge7 8. 0-0 Nf5 9. Qd3 Bc5+ 10. Kh1 0-0 11. Bxc6 bxc6 12. Nc3 Qa5 13. b3 Ba6 0-1

[Event "CP-2011-P-00002"]
[Site "LSS email"]
[Date "2011.09.30"]
[Round "?"]
[White "Peroutik, Jiri"]
[Black "Malmstroem, Jan"]
[Result "0-1"]
[WhiteElo "1035"]
[BlackElo "1798"]
[PlyCount "66"]
[EventDate "2011.10.01"]
[EventType "tourn (corr)"]
[EventRounds "6"]
[EventCountry "GER"]
[SourceTitle "Telechess CBM 165"]
[Source "ChessBase"]
[SourceDate "2015.03.11"]
[SourceVersion "1"]
[SourceVersionDate "2015.03.11"]
[SourceQuality "1"]

1. e4 e5 2. Nf3 Nf6 3. Nxe5 d6 4. Nf3 Nxe4 5. d4 d5 6. Bd3 Be7 7. 0-0 0-0 8. c4 Nc6 9. Nc3 Nxc3 10. bxc3 Be6 11. cxd5 Bxd5 12. Be3 g6 13. Nd2 f5 14. c4 Bxg2 15. Kxg2 f4 16. Qg4 fxe3 17. fxe3 Kh8 18. Nf3 Re8 19. Qh3 Kg7 20. Kh1 Qc8 21. Qg2 Bf6 22. Rfe1 Nb4 23. Bc2 Nxc2 24. Qxc2 Qg4 25. Qg2 Qe4 26. Rad1 Rad8 27. Kg1 Rd7 28. Kf1 Rde7 29. c5 Qf5 30. Qf2 Rf7 31. Re2 Qe4 32. Rde1 Bh4 33. Qxh4 Qxh4 0-1

[Event "LSS No Engine Cup 51 Preliminary 6"]
[Site "LSS email"]
[Date "2011.09.29"]
[Round "?"]
[White "Peroutik, Jiri"]
[Black "Ruzicka, Richard"]
[Result "0-1"]
[WhiteElo "1079"]
[BlackElo "1639"]
[PlyCount "62"]
[EventDate "2011.09.30"]
[EventType "tourn (corr)"]
[EventRounds "6"]
[EventCountry "GER"]
[SourceTitle "Telechess CBM 153"]
[Source "ChessBase"]
[SourceDate "2013.03.14"]
[SourceVersion "1"]
[SourceVersionDate "2013.03.14"]
[SourceQuality "1"]

1. e4 c5 2. Nf3 Nc6 3. d4 cxd4 4. Nxd4 Nf6 5. Nc3 e5 6. Ndb5 d6 7. Bg5 a6 8. Na3 b5 9. Bxf6 gxf6 10. Nd5 f5 11. c3 Bg7 12. exf5 Bxf5 13. Nc2 Be6 14. g3 0-0 15. Bg2 f5 16. 0-0 Rb8 17. Ncb4 Nxb4 18. Nxb4 Rb6 19. a4 Bc4 20. Re1 e4 21. b3 Bf7 22. axb5 Rxb5 23. Re3 Rxb4 24. cxb4 Bxa1 25. Qxa1 d5 26. Re1 d4 27. Rb1 d3 28. Qc3 Qc8 29. Qd2 Qc2 30. Qg5+ Bg6 31. Rc1 Qxb3 0-1

[Event "LSS No Engine Cup 51 Preliminary 6"]
[Site "LSS email"]
[Date "2011.09.29"]
[Round "?"]
[White "Shim Ng Min, Francis"]
[Black "Peroutik, Jiri"]
[Result "0-1"]
[WhiteElo "1140"]
[BlackElo "1079"]
[PlyCount "53"]
[EventDate "2011.09.30"]
[EventType "tourn (corr)"]
[EventRounds "6"]
[EventCountry "GER"]
[SourceTitle "Telechess CBM 153"]
[Source "ChessBase"]
[SourceDate "2013.03.14"]
[SourceVersion "1"]
[SourceVersionDate "2013.03.14"]
[SourceQuality "1"]

1. e4 e6 2. d4 d5 3. Nd2 Nf6 4. e5 Nfd7 5. Bd3 c5 6. c3 Nc6 7. Ne2 cxd4 8. cxd4 f6 9. exf6 Nxf6 10. 0-0 Bd6 11. Nf3 Qc7 12. Bg5 Bd7 13. Bh4 0-0-0 14. Rc1 Qa5 15. a3 Kb8 16. Qb3 Rc8 17. Bg3 Bxg3 18. Nxg3 h6 19. Ne2 g5 20. Bb5 Ne4 21. Rfd1 Nd6 22. Bxc6 Bxc6 23. Ne5 Ba4 24. Qg3 Bxd1 25. Rxd1 Ka8 26. Nd7 Qa4 27. Rf1 0-1

[Event "SF-2011-0-00103"]
[Site "LSS email"]
[Date "2011.06.28"]
[Round "?"]
[White "Peroutik, Jiri"]
[Black "Shim Ng Min, Francis"]
[Result "0-1"]
[WhiteElo "1069"]
[BlackElo "1091"]
[PlyCount "32"]
[EventDate "2011.06.09"]
[EventType "tourn (corr)"]
[EventRounds "6"]
[EventCountry "GER"]
[SourceTitle "Corr 2015"]
[Source "ChessBase"]
[SourceDate "2015.07.17"]
[SourceVersion "1"]
[SourceVersionDate "2015.07.17"]
[SourceQuality "1"]

1. e4 c5 2. d4 cxd4 3. Nf3 Nc6 4. Nxd4 Nf6 5. Nc3 e6 6. Ndb5 d6 7. Bf4 e5 8. Bg5 a6 9. Na3 b5 10. Nd5 Be7 11. Bxf6 Bxf6 12. c3 0-0 13. Nc2 Rb8 14. h4 Be6 15. Nce3 a5 16. Nxf6+ gxf6 0-1

[Event "SF-2011-0-00103"]
[Site "LSS email"]
[Date "2011.06.28"]
[Round "?"]
[White "Raines, David T"]
[Black "Peroutik, Jiri"]
[Result "1/2-1/2"]
[WhiteElo "1122"]
[BlackElo "1069"]
[PlyCount "126"]
[EventDate "2011.06.09"]
[EventType "tourn (corr)"]
[EventRounds "6"]
[EventCountry "GER"]
[SourceTitle "Telechess CBM 155"]
[Source "ChessBase"]
[SourceDate "2013.07.16"]
[SourceVersion "1"]
[SourceVersionDate "2013.07.16"]
[SourceQuality "1"]

1. d4 g6 2. Nf3 Bg7 3. c4 d6 4. g3 Nf6 5. Bg2 0-0 6. 0-0 Nc6 7. Nc3 a6 8. e4 Bg4 9. Be3 Nd7 10. Qd2 Bxf3 11. Bxf3 e5 12. d5 Nd4 13. Bg2 c5 14. a4 Nb6 15. Qd3 Qd7 16. a5 Nc8 17. Ne2 Ne7 18. Nxd4 cxd4 19. Bd2 Kh8 20. b4 f5 21. f4 Rac8 22. Rac1 Kg8 23. b5 axb5 24. cxb5 Rxc1 25. Rxc1 Rc8 26. Ra1 Ra8 27. Rc1 Rc8 28. a6 bxa6 29. bxa6 Ra8 30. Rb1 Qa4 31. Bf1 fxe4 32. Qxe4 Qa2 33. Bb4 Nc8 34. Bd3 Nb6 35. Bxd6 Nxd5 36. Bxe5 Bxe5 37. fxe5 Rf8 38. Rf1 Rxf1+ 39. Bxf1 Ne3 40. Qxd4 Nxf1 41. Kxf1 Qxa6+ 42. Kg1 Qe6 43. Qf4 Qb6+ 44. Kg2 Qe6 45. g4 Kg7 46. Kg3 h6 47. h4 Qb3+ 48. Qf3 Qe6 49. Qe3 Kh7 50. g5 h5 51. Qf4 Kg8 52. Qd4 Kg7 53. Qf4 Kg8 54. Qd4 Kg7 55. Qa7+ Kg8 56. Qb8+ Kg7 57. Qc7+ Kg8 58. Qd8+ Kh7 59. Qf6 Qg4+ 60. Kf2 Qxh4+ 61. Ke3 Qg3+ 62. Kd4 Qg4+ 63. Kd5 Qd7+ 1/2-1/2